01710nam a2200409 i 4500001001200000003000800012007001500020008004100035006001900076035002200095040003100117020002900148020002900177024004200206050001600248245017800264250002300442264007400465300004000539336002600579337002600605338003600631347002100667347000900688490002700697504004100724588008500765650003200850650003000882650001400912700004600926700004500972700003701017776014501054830002801199856007301227DIGEPUJ0438NyNyDIGcr |||||||||||240112s2023 ck a ob 000 0 spa dm o d  a(OCoLC)1415895272 aDGITAbengerdaepncDGITA a9789587818178q(digital) z9789587818161q(impreso)7 a10.11144/Javeriana.97895878181782doi14aBD450 ebook00aUmbrales críticos :baportes a la pregunta por los límites de lo humano /cGustavo Chirolla, Ana María Rosas Rodríguez, Héctor Salinas Leal, editores académicos. aPrimera edición. 1aBogotá, D.C. :bEditorial Pontificia Universidad Javeriana,c[2023] a1 online resource :billustrations. atextbtxt2rdacontent acomputerbc2rdamedia aonline resourcebcr2rdacarrier atext file2rdaft bEPUB1 aAnábasis colección aIncludes bibliographical references.0 aOnline resource; title from ePub title page (Digitalia, viewed January 12, 2024) 0aPhilosophical anthropology. 0aHuman beingsxPhilosophy. 0aHumanism.1 aChirolla Ospina, Gustavo Adolfo,eeditor.1 aRosas Rodríguez, Ana María,eeditor.1 aSalinas-Leal, Héctor,eeditor.08iPrint version:tUmbrales críticos.bPrimera edición.dBogotá, D.C. : Editorial Pontificia Universidad Javeriana, [2023]z9789587818161 0aAnábasis colección.403Digitalia Hispánicauhttps://www.digitaliapublishing.com/a/133218/